Die größten Städte in Nordrhein-Westfalen - Statistiken

Allgemein
  • Dieses Quiz wurde 259 mal gespielt
  • Das Durchschnittsergebnis liegt bei 22 aus 30
Antwortstatistiken
Einwohnerzahl Stadt % Korrekt
1.084.831 Köln
99%
587.010 Dortmund
98%
629.047 Düsseldorf
98%
584.580 Essen
95%
365.742 Bochum
91%
502.211 Duisburg
91%
252.136 Aachen
89%
338.332 Bielefeld
89%
336.465 Bonn
88%
263.000 Gelsenkirchen
88%
314.319 Münster
87%
358.876 Wuppertal
87%
165.748 Leverkusen
82%
210.824 Oberhausen
80%
154.755 Paderborn
79%
268.465 Mönchengladbach
76%
180.849 Hamm
73%
189.783 Hagen
71%
228.426 Krefeld
71%
102.560 Siegen
66%
160.643 Solingen
64%
157.368 Herne
63%
112.712 Bergisch Gladbach
62%
111.734 Recklinghausen
62%
118.113 Bottrop
56%
154.139 Neuss
56%
102.393 Gütersloh
53%
112.613 Remscheid
50%
105.287 Moers
45%
172.404 Mülheim an der Ruhr
32%
Keine übereinstimmenden Quizze gefunden
Verteilung der Resultate
Anzahl Personen mit jedem Resultat
Perzentil nach korrekt beantworteten Fragen
Ihre Resultats-Entwicklung
Sie haben dieses Quiz noch nicht gespielt